000 00464nam a2200193Ia 4500
005 20250425162450.0
008 250425s9999 xx 000 0 und d
020 _a087024258X
041 _aeng
082 _a589.45
245 0 _aMARINE ALGAE OF THE WEST COAST OF FLORIDA
250 _aS.E.
260 _aEstados Unidos
_bUNIVERSITY OF MIAMI PRESS
_c1974
260 _aFLORIDA CITY
300 _a201
650 _aALGAS
942 _c01
010 _a75955
999 _c229790
_d229790